000 00517cam a22002171 4500
001 sa 63002840
003 DLC
005 20260227111937.0
008 890728s1962 ii 000 1 beno
010 _asa 63002840
035 _a(OCoLC)20085499
040 _aDLC
_cWaU
_dDLC
042 _apremarc
050 0 0 _aPK1718.B39
_bA64
100 1 _aBasu, Samareśa,
_d1924-1988.
245 1 0 _aAcinapurera kathakatā.
260 _c[1962]
300 _a241 p.
_c23 cm.
500 _aIn Bengali.
500 _aA novel.
999 _c54709
_d54709